000
00310nam a22001217a 4500
082
_a
346.066NAY.
100
_a
Guy Naylor.
245
_a
Guide to shareholders rights.
260
_a
London.
_b
George Allen and Unwin ltd.
_c
1969.
300
_a
266p.
_b
21cm.
500
_a
Includes glossary and index.
942
_c
BK
999
_c
17057
_d
17057